TV Shows Set in Illinois Quiz Stats

 Plays Quiz Updated Aug 17, 2016

Score 0/20 Timer 06:00
0 Plays Today
% Correct
Roseanne
93.6%
ER
89%
Married... with Children
86.1%
Family Matters
85.9%
Mike & Molly
84.6%
Chicago Fire
81.9%
Prison Break
78.4%
The Good Wife
73.3%
Punky Brewster
70.3%
The Bob Newhart Show
64.9%
% Correct
Good Times
62%
According to Jim
58.8%
Perfect Strangers
56.1%
Shameless
42.7%
Chicago P.D.
33%
The League
29%
Sisters
26.3%
The Real O'Neals
12.4%
Kenan & Kel
10%
Superior Donuts
5%

You're not logged in!

Compare scores with friends on all Sporcle quizzes.
Join for Free
OR
Log In

You Might Also Like...

Show Comments

Extras

Top Quizzes Today


Score Distribution

Your Account Isn't Verified!

In order to create a playlist on Sporcle, you need to verify the email address you used during registration. Go to your Sporcle Settings to finish the process.

Report this User

Report this user for behavior that violates our Community Guidelines.

Details: